000 01436nam0a2200373 i 4500
001 RU\NLR\bibl\2055010
005 20260406080736.0
010 _a9785222207482
_94000
021 _aRU
_b2013-47941
_93324
035 _a(nilc)RuMoRGB-006597260
035 _a(NLR Aleph) 002041943
090 _a4600287
_c4600287
100 _a20130624d2013 u y0rusy50 ca
101 0 _arus
102 _aRU
105 _ay z |||||
200 1 _aОчищение от паразитов и глистов
_fМ.Б. Ингерлейб
205 _aИзд. 3-е
210 _aРостов-на-Дону
_cФеникс
_d2013
215 _a93, [1] с.
_d20
225 1 _aСерия "Панацея"
300 _aНа обл. авт. не указан
320 _aБиблиогр.: с. 92 (19 назв.)
606 1 _aПаразитарные болезни
_jПопулярные издания
_xТерапия
_91875667
_3RU\NLR\auth\66851855
606 _aГельминтозы
_jПопулярные издания
_xТерапия
_92330636
_3RU\NLR\auth\661393726
686 _aР517-5я9
700 1 _4070
_8rus
_7ca
_aИнгерлейб
_bМ. Б.
_f1966-
_gМихаил Борисович
_3RU\NLR\auth\7743408
_926351
801 0 _aRU
_bRuMoRKP
_c20130624
_gRCR
801 2 _aRU
_bРГБ
_c20130628
801 1 _aRU
_bRuMoRKP
_c20130624
_2rusmarc
801 2 _aRU
_bNLR
_c20130718
_grcr
942 _cBOOK
980 _aNBR